| 000 | 00600cam a2200217I 4500 | ||
|---|---|---|---|
| 999 |
_c2006 _d2006 |
||
| 001 | 844310 | ||
| 003 | OSt | ||
| 005 | 20180922141643.0 | ||
| 008 | 740328c19611960nyua 000 0 eng d | ||
| 040 |
_aCDC _cCDC _dm.c. _dOCL _dm/c _dMSV _dSTU |
||
| 082 |
_a232.92 _bB6221D |
||
| 090 |
_aPZ3 _b.B540246 Day |
||
| 090 |
_aBT315.2 _b.B53 |
||
| 092 |
_a232.1 _bB622D |
||
| 100 | 1 |
_aBishop, Jim, _d1907-1987. |
|
| 245 | 1 | 4 | _aThe day Christ was born. |
| 260 |
_aNew York, _bPocket Books _c[1961, c1960] |
||
| 300 |
_a107 p. _billus. _c18 cm. |
||
| 600 | 0 | 0 |
_aJesus Christ _xNativity _vPopular works. |
| 942 |
_2ddc _cBK |
||